| 000 | 00000cam 2200000zi 4500 |
| 001 | 9.957991 |
| 003 | CaOODSP |
| 005 | 20260604140007 |
| 006 | m o d f |
| 007 | cr mn||||||||| |
| 008 | 251204t20252025onc o f000 0 fre d |
| 020 | |a9780660975863 |
| 040 | |aCaOODSP|bfre|erda|cCaOODSP |
| 043 | |an-cn--- |
| 086 | 1 |aBT22-294/2025F-PDF |
| 245 | 00|aGroupe de travail sur la productivité dans la fonction publique. |
| 264 | 1|aOttawa, Ontario : |bSecrétariat du Conseil du trésor du Canada = Treasury Board of Canada Secretariat, |c2025. |
| 264 | 4|c©2025 |
| 300 | |a1 ressource en ligne (39 pages) |
| 336 | |atexte|btxt|2rdacontent/fre |
| 337 | |ainformatique|bc|2rdamedia/fre |
| 338 | |aressource en ligne|bcr|2rdacarrier/fre |
| 500 | |aPublié aussi en anglais sous le titre : Working group on public service productivity. |
| 500 | |a« Publié : le 2025-12-08. » |
| 650 | 6|aFonction publique|xProductivité|zCanada. |
| 710 | 1 |aCanada. |bConseil du trésor, |eorganisme de publication. |
| 775 | 08|tWorking group on public service productivity.|w(CaOODSP)9.957990 |
| 856 | 40|qPDF|s1.02 Mo|uhttps://publications.gc.ca/collections/collection_2026/sct-tbs/BT22-294-2025-fra.pdf |
| 856 | 4 |qHTML|sS.O.|uhttps://www.canada.ca/fr/gouvernement/systeme/rapports-pangouvernementaux-depenses-activites/comites-groupes-travail/apercu-groupe-travail-productivite-fonction-publique.html |